De la combinatoire aux probabilites : la combinatoire de Cardan a Jacques Bernoulli
Αποθηκεύτηκε σε:
| Κύριος συγγραφέας: | |
|---|---|
| Μορφή: | Βιβλίο |
| Γλώσσα: | French |
| Δημοσίευση: |
Paris :
Francois Maspero,
1975.
|
| Σειρά: | Algorithme
|
| Θέματα: | |
| Ετικέτες: |
Προσθήκη ετικέτας
Δεν υπάρχουν, Καταχωρήστε ετικέτα πρώτοι!
|
MARC
| LEADER | 00000cam a2200000 a 4500 | ||
|---|---|---|---|
| 001 | 1/116878 | ||
| 008 | 180622t1975####fr | ||| |||| ||fre|| | ||
| 040 | |a GR-MyUa |b gre |c GR-MyUa |e AACR2 | ||
| 041 | 0 | |a fre | |
| 082 | 7 | |a 511.6 |2 (23) | |
| 100 | 1 | |a Raymond, Pierre. | |
| 245 | 1 | 6 | |a De la combinatoire aux probabilites : |b la combinatoire de Cardan a Jacques Bernoulli / |c Pierre Raymond. |
| 260 | |a Paris : |b Francois Maspero, |c 1975. | ||
| 300 | |a 173 σ. ; |c 22 εκ. | ||
| 490 | 1 | |a (Algorithme) | |
| 504 | |a Περιέχει βιβλιογραφία. | ||
| 650 | 0 | |a Combinatorial analysis |x History | |
| 830 | 0 | |a Algorithme | |
| 852 | |a INST |b SAMOS |e 20180622 |h 511.6 RAY |p 005300045267 |q 005300045267 |t BK |y 0 | ||
| 970 | |a Γουβάλα |b Βάσω |z 22-06-2018 | ||